[Event "FIDE Disabilities Olym"]
[Site "Belgrade"]
[Date "2023.02.04"]
[Round "?"]
[White "Osorio, Jesus Camilo"]
[Black "Ivanovic, Milan"]
[Result "1/2-1/2"]
[WhiteElo "1859"]
[BlackElo "1908"]
[PlyCount "58"]
[EventDate "2023.01.30"]
[EventType "team-swiss"]
[EventRounds "6"]
[EventCountry "SRB"]
[SourceTitle "CBM 212 Extra"]
[Source "ChessBase"]
[SourceDate "2023.03.31"]
[SourceVersion "1"]
[SourceVersionDate "2023.03.31"]
[SourceQuality "1"]
[WhiteTeam "Panama"]
[BlackTeam "Montenegro"]
[WhiteTeamCountry "PAN"]
[BlackTeamCountry "MNE"]

1. d4 d5 2. Bf4 e6 3. e3 Nf6 4. Nf3 Nbd7 5. Nbd2 Be7 6. h3 0-0 7. Bd3 c5 8. c3 b6 9. 0-0 Bb7 10. Qc2 c4 11. Be2 b5 12. b4 a5 13. a3 axb4 14. axb4 Qb6 15. Qb2 Rxa1 16. Rxa1 Ra8 17. Rxa8+ Bxa8 18. Qa1 Bb7 19. Ne5 Nxe5 20. Bxe5 Qa6 21. Qxa6 Bxa6 22. Bd1 Nd7 23. Bg3 f6 24. Bc2 g6 25. f3 e5 26. Kf2 Kf7 27. Ke2 Ke6 28. Bf2 Nb8 29. Ke1 Bc8 1/2-1/2

[Event "FIDE Disabilities Olym"]
[Site "Belgrade"]
[Date "2023.02.03"]
[Round "?"]
[White "Otero Munelo, Harlen Jose"]
[Black "Ivanovic, Milan"]
[Result "1-0"]
[WhiteElo "2099"]
[BlackElo "1908"]
[PlyCount "73"]
[EventDate "2023.01.30"]
[EventType "team-swiss"]
[EventRounds "6"]
[EventCountry "SRB"]
[SourceTitle "CBM 212 Extra"]
[Source "ChessBase"]
[SourceDate "2023.03.31"]
[SourceVersion "1"]
[SourceVersionDate "2023.03.31"]
[SourceQuality "1"]
[WhiteTeam "Venezuela"]
[BlackTeam "Montenegro"]
[WhiteTeamCountry "VEN"]
[BlackTeamCountry "MNE"]

1. c4 e5 2. Nc3 Nf6 3. g3 g6 4. Bg2 Bg7 5. e3 0-0 6. Nge2 d6 7. 0-0 c6 8. d4 Nbd7 9. b3 Re8 10. Ba3 Nf8 11. Qc2 exd4 12. Nxd4 c5 13. Nde2 Bf5 14. e4 Bd7 15. Rad1 Qc7 16. h3 Rad8 17. Rd2 Bc6 18. Rfd1 Ne6 19. Bb2 Ng5 20. f3 a6 21. Kh2 h5 22. h4 Ngh7 23. Nf4 b5 24. Bf1 b4 25. Ncd5 Nxd5 26. Nxd5 Bxd5 27. Rxd5 Nf6 28. R5d3 Re7 29. e5 Ne8 30. f4 Bf8 31. Ba1 a5 32. Bg2 Qb6 33. exd6 Rxd6 34. Rxd6 Nxd6 35. Qb2 f5 36. Bd5+ Nf7 37. Qh8# 1-0

[Event "FIDE Disabilities Olym"]
[Site "Belgrade"]
[Date "2023.01.31"]
[Round "?"]
[White "Ali Sheikh, Sadam"]
[Black "Ivanovic, Milan"]
[Result "1-0"]
[WhiteElo "1578"]
[BlackElo "1908"]
[PlyCount "89"]
[EventDate "2023.01.30"]
[EventType "team-swiss"]
[EventRounds "6"]
[EventCountry "SRB"]
[SourceTitle "CBM 212 Extra"]
[Source "ChessBase"]
[SourceDate "2023.03.31"]
[SourceVersion "1"]
[SourceVersionDate "2023.03.31"]
[SourceQuality "1"]
[WhiteTeam "Kenya"]
[BlackTeam "Montenegro"]
[WhiteTeamCountry "KEN"]
[BlackTeamCountry "MNE"]

1. d4 d5 2. Bf4 Nf6 3. e3 e6 4. Nf3 Nbd7 5. Nbd2 c5 6. c3 Be7 7. Bd3 b6 8. Ne5 Nxe5 9. dxe5 Nd7 10. Qg4 g5 11. h4 h5 12. Qg3 gxf4 13. exf4 Bf8 14. 0-0-0 Qc7 15. Nf3 Bh6 16. Kb1 Nf8 17. Rhe1 Bd7 18. Ng5 Ba4 19. b3 c4 20. Bc2 cxb3 21. axb3 Bc6 22. Kb2 b5 23. Rd4 a5 24. f5 Rg8 25. Nxe6 Rxg3 26. Nxc7+ Ke7 27. fxg3 Rd8 28. Bd1 Rd7 29. Na6 Ra7 30. Nc5 Nd7 31. Nxd7 Kxd7 32. e6+ fxe6 33. fxe6+ Ke7 34. Bxh5 Bg7 35. Rf4 b4 36. Rf7+ Kd6 37. Rxg7 Rxg7 38. g4 bxc3+ 39. Kxc3 Ke7 40. Kd4 a4 41. bxa4 Bxa4 42. Ra1 Bc6 43. Ra7+ Kf6 44. Rxg7 Kxg7 45. e7 1-0

[Event "MNE-chT 2nd League"]
[Site "Cetinje"]
[Date "2022.10.16"]
[Round "5"]
[White "Ivanovic, Milan"]
[Black "Andjelic, Djordje"]
[Result "1/2-1/2"]
[WhiteElo "1911"]
[BlackElo "1929"]
[PlyCount "51"]
[EventDate "2022.10.14"]
[EventType "team-tourn"]
[EventRounds "5"]
[EventCountry "MNE"]
[SourceTitle "EXT 2024"]
[Source "ChessBase"]
[SourceDate "2023.10.10"]
[SourceVersion "1"]
[SourceVersionDate "2023.10.10"]
[SourceQuality "1"]
[WhiteTeam "Zora"]
[BlackTeam "Bar Mornar"]
[WhiteTeamCountry "MNE"]
[BlackTeamCountry "MNE"]

1. d4 d5 2. c4 e6 3. e3 Nf6 4. Nc3 Be7 5. Nf3 0-0 6. Bd3 b6 7. cxd5 exd5 8. 0-0 Bb7 9. Qe2 Ne4 10. Nd2 Nxc3 11. bxc3 c5 12. Nf3 Bd6 13. dxc5 Bxc5 14. Nd4 h6 15. Bb2 Nd7 16. Nf5 Re8 17. Qf3 Nf6 18. Rad1 Bf8 19. c4 dxc4 20. Qxb7 cxd3 21. Bd4 Ne4 22. Qa6 Qg5 23. Ng3 Nxg3 24. hxg3 Qg6 25. Rxd3 Rac8 26. Rfd1 1/2-1/2

[Event "MNE-chT 2nd League"]
[Site "Cetinje"]
[Date "2022.10.16"]
[Round "4"]
[White "Malisic, Miroslav"]
[Black "Ivanovic, Milan"]
[Result "1-0"]
[WhiteElo "1801"]
[BlackElo "1911"]
[PlyCount "127"]
[EventDate "2022.10.14"]
[EventType "team-tourn"]
[EventRounds "5"]
[EventCountry "MNE"]
[SourceTitle "EXT 2024"]
[Source "ChessBase"]
[SourceDate "2023.10.10"]
[SourceVersion "1"]
[SourceVersionDate "2023.10.10"]
[SourceQuality "1"]
[WhiteTeam "Gambit"]
[BlackTeam "Zora"]
[WhiteTeamCountry "MNE"]
[BlackTeamCountry "MNE"]

1. e4 c5 2. c3 Nc6 3. d4 cxd4 4. cxd4 d6 5. d5 Ne5 6. f4 Ng4 7. Bb5+ Bd7 8. Bxd7+ Qxd7 9. Nc3 g6 10. Qd4 f6 11. h3 N4h6 12. Nf3 Nf7 13. 0-0 Bg7 14. Nh4 a6 15. f5 g5 16. Nf3 Ne5 17. Qb6 Nh6 18. Nd4 0-0 19. Ne6 Rfc8 20. a4 Nhf7 21. a5 Nd8 22. Qe3 Nxe6 23. fxe6 Qe8 24. Na4 Nc4 25. Qe1 Rab8 26. b3 Ne5 27. Nb6 Rc7 28. Be3 Qb5 29. Qd1 Rc3 30. Bd2 Rxb3 31. Rc1 Rd3 32. Rc7 Qb2 33. Rf2 g4 34. Nd7 g3 35. Re2 Qd4+ 36. Kf1 Nc4 37. Rxc4 Qxc4 38. Nxb8 Bh6 39. Qc1 Qxc1+ 40. Bxc1 Bxc1 41. Rc2 Bg5 42. Rc7 f5 43. Rxb7 fxe4 44. Nc6 Rd1+ 45. Ke2 Rd2+ 46. Ke1 Rxd5 47. Nxe7+ Bxe7 48. Rxe7 Rxa5 49. Rd7 Re5 50. Rxd6 a5 51. Ke2 Kf8 52. Ke3 Ke7 53. Rd7+ Kxe6 54. Rxh7 Kd5 55. Rc7 Rf5 56. Rg7 Rf1 57. Rg5+ Ke6 58. Kxe4 a4 59. Rxg3 Ra1 60. Rg6+ Kf7 61. Ra6 a3 62. Kf5 a2 63. Ra7+ Kf8 64. Kg6 1-0

[Event "MNT-chT 1st League"]
[Site "Podgorica"]
[Date "2021.05.20"]
[Round "1.3"]
[White "Ivanovic, Milan"]
[Black "Mandic, Stefan"]
[Result "0-1"]
[WhiteElo "1918"]
[BlackElo "1954"]
[PlyCount "96"]
[EventDate "2021.05.20"]
[EventType "team-tourn"]
[EventRounds "7"]
[EventCountry "MNE"]
[SourceTitle "EXT 2022"]
[Source "ChessBase"]
[SourceDate "2021.10.06"]
[SourceVersion "1"]
[SourceVersionDate "2021.10.06"]
[SourceQuality "1"]

1. d4 Nf6 2. g3 g6 3. Bg2 Bg7 4. Nf3 c5 5. dxc5 Qa5+ 6. Bd2 Qxc5 7. Bc3 Nc6 8. Nbd2 d6 9. Nb3 Qh5 10. h3 0-0 11. g4 Qb5 12. g5 Nh5 13. Bxg7 Nxg7 14. Qd2 a5 15. c3 a4 16. Nbd4 Qb6 17. e4 Ne5 18. Nxe5 dxe5 19. Nf3 Rd8 20. Qc2 Qc5 21. 0-0 Be6 22. Rfd1 Rxd1+ 23. Qxd1 Nh5 24. Ne1 Qb5 25. Qc2 Nf4 26. Bf1 Nxh3+ 27. Kg2 Qc6 28. Nf3 Nf4+ 29. Kh2 Qc5 30. Qd2 Kg7 31. Qe3 Qc7 32. c4 Bxc4 33. Rc1 b5 34. b3 axb3 35. axb3 Ra3 36. Bxc4 bxc4 37. Qc3 Ne2 38. Qxc4 Qxc4 39. Rxc4 Rxb3 40. Nxe5 Rb5 41. Nf3 Nf4 42. Rc7 e6 43. e5 Nd3 44. Kg3 Nxe5 45. Nxe5 Rxe5 46. f4 Rf5 47. Kg4 h6 48. gxh6+ Kxh6 0-1

[Event "MNT-chT 1st League"]
[Site "Podgorica"]
[Date "2018.09.30"]
[Round "6.1"]
[White "Maljevic, Miloje"]
[Black "Ivanovic, Milan"]
[Result "1/2-1/2"]
[WhiteElo "2068"]
[BlackElo "1952"]
[PlyCount "42"]
[EventDate "2018.09.07"]
[EventType "team-tourn"]
[EventRounds "9"]
[EventCountry "MNE"]
[SourceTitle "CBM 187 Extra"]
[Source "ChessBase"]
[SourceDate "2018.11.04"]
[SourceVersion "1"]
[SourceVersionDate "2018.11.04"]
[SourceQuality "1"]
[WhiteTeam "Berane"]
[BlackTeam "Zora"]
[WhiteTeamCountry "MNE"]
[BlackTeamCountry "MNE"]

1. d4 d5 2. c4 e6 3. Nc3 Nf6 4. Bg5 Be7 5. e3 c6 6. Nf3 Nbd7 7. Bd3 h6 8. Bh4 dxc4 9. Bxc4 b5 10. Bd3 Bb7 11. 0-0 Rc8 12. Rc1 a6 13. a3 c5 14. dxc5 Nxc5 15. Bb1 Qxd1 16. Rcxd1 Nfe4 17. Nxe4 Nxe4 18. Bxe7 Kxe7 19. Rd4 Nf6 20. Ne5 Rhd8 21. Rxd8 Rxd8 1/2-1/2

[Event "MNT-chT 1st League"]
[Site "Podgorica"]
[Date "2018.09.08"]
[Round "2.3"]
[White "Kraljevic, Ivan"]
[Black "Ivanovic, Milan"]
[Result "1-0"]
[WhiteElo "2140"]
[BlackElo "1952"]
[PlyCount "65"]
[EventDate "2018.09.07"]
[EventType "team-tourn"]
[EventRounds "9"]
[EventCountry "MNE"]
[SourceTitle "CBM 187 Extra"]
[Source "ChessBase"]
[SourceDate "2018.11.04"]
[SourceVersion "1"]
[SourceVersionDate "2018.11.04"]
[SourceQuality "1"]
[WhiteTeam "Rumija"]
[BlackTeam "Zora"]
[WhiteTeamCountry "MNE"]
[BlackTeamCountry "MNE"]

1. e4 c5 2. Nf3 Nc6 3. d4 cxd4 4. Nxd4 d6 5. c4 Nf6 6. Nc3 g6 7. Be2 Bd7 8. 0-0 Bg7 9. Be3 a6 10. f3 0-0 11. Qd2 Rc8 12. Rfd1 Re8 13. Rac1 Bf8 14. b3 e6 15. Kh1 Nh5 16. f4 Qh4 17. Nf3 Ng3+ 18. Kg1 Nxe2+ 19. Nxe2 Qh5 20. e5 g5 21. fxg5 d5 22. Ng3 Qg4 23. Bf4 Bb4 24. Qe3 Bc5 25. Qxc5 Qxf4 26. Nh5 Nxe5 27. Nxe5 Qxe5 28. Nf6+ Kh8 29. Nxd7 Qxg5 30. Qd4+ e5 31. Qxd5 Rcd8 32. Qxf7 Rf8 33. Nxf8 1-0

[Event "IBCA-ol blind 15th"]
[Site "Ohrid"]
[Date "2017.06.21"]
[Round "3.2"]
[White "Yildirim, Cagri Seyfettin"]
[Black "Ivanovic, Milan"]
[Result "0-1"]
[WhiteElo "1554"]
[BlackElo "1986"]
[PlyCount "116"]
[EventDate "2017.06.19"]
[EventType "team-swiss"]
[EventRounds "9"]
[EventCountry "MKD"]
[SourceTitle "CBM 179 Extra"]
[Source "ChessBase"]
[SourceDate "2017.08.23"]
[SourceVersion "1"]
[SourceVersionDate "2017.08.23"]
[SourceQuality "1"]
[WhiteTeam "Turkey"]
[BlackTeam "Montenegro"]
[WhiteTeamCountry "TUR"]
[BlackTeamCountry "MNE"]

1. e4 c5 2. Nf3 Nc6 3. d4 cxd4 4. Nxd4 d6 5. Nc3 Nf6 6. Bc4 e6 7. f3 a6 8. Be3 Be7 9. Qd2 Bd7 10. Bb3 Rc8 11. g4 Na5 12. 0-0-0 Nc4 13. Bxc4 Rxc4 14. h4 b5 15. h5 b4 16. Nce2 g6 17. hxg6 fxg6 18. Nf4 e5 19. Nfe6 Qc8 20. Ng7+ Kf7 21. Ndf5 gxf5 22. g5 f4 23. gxf6 Bxf6 24. Qd5+ Be6 25. Nxe6 Qxe6 26. Qxe6+ Kxe6 27. Bb6 h5 28. b3 Rc3 29. Rd3 Rxd3 30. cxd3 h4 31. Bf2 d5 32. Kc2 dxe4 33. dxe4 a5 34. Be1 Rc8+ 35. Kb2 Rh8 36. Bf2 h3 37. Be1 h2 38. Bf2 Rh3 39. Be1 Bh4 40. Bxh4 Rxh4 41. Kc2 Rh3 42. Kd2 Rxf3 43. Rxh2 Re3 44. Re2 Rxe2+ 45. Kxe2 Kd6 46. Kd2 Kc5 47. Kd3 Kb5 48. Ke2 a4 49. Kd2 axb3 50. axb3 Kc5 51. Kd3 f3 52. Ke3 f2 53. Kxf2 Kd4 54. Kf3 Kd3 55. Kf2 Kxe4 56. Ke2 Kd4 57. Kd2 e4 58. Kc2 e3 0-1

[Event "IBCA-ol blind 15th"]
[Site "Ohrid"]
[Date "2017.06.20"]
[Round "2.2"]
[White "Ivanovic, Milan"]
[Black "Mlacnik, Janez"]
[Result "0-1"]
[WhiteElo "1986"]
[BlackElo "1795"]
[PlyCount "58"]
[EventDate "2017.06.19"]
[EventType "team-swiss"]
[EventRounds "9"]
[EventCountry "MKD"]
[SourceTitle "CBM 179 Extra"]
[Source "ChessBase"]
[SourceDate "2017.08.23"]
[SourceVersion "1"]
[SourceVersionDate "2017.08.23"]
[SourceQuality "1"]
[WhiteTeam "Montenegro"]
[BlackTeam "Slovenia"]
[WhiteTeamCountry "MNE"]
[BlackTeamCountry "SLO"]

1. Nf3 e6 2. d4 f5 3. c4 Nf6 4. Nc3 d5 5. e3 c6 6. Bd3 Bd6 7. b3 Qe7 8. Bb2 0-0 9. Rc1 Ne4 10. 0-0 Nd7 11. g3 Ndf6 12. Ne5 Bd7 13. f3 Nxc3 14. Bxc3 Be8 15. Qc2 Rc8 16. Qg2 Nd7 17. Nxd7 Bxd7 18. e4 Bb4 19. Ba1 Kh8 20. Rc2 fxe4 21. fxe4 Rxf1+ 22. Bxf1 Qg5 23. e5 Rf8 24. Qe2 Be8 25. Bb2 Bh5 26. Qd3 Bg6 27. Qe2 Bxc2 28. Qxc2 Qe3+ 29. Kg2 Qf3+ 0-1

[Event "MNT-chT1"]
[Site "Mojkovac"]
[Date "2016.10.08"]
[Round "8.1"]
[White "Skenderovic, Ismet"]
[Black "Ivanovic, Milan"]
[Result "1/2-1/2"]
[WhiteElo "2003"]
[BlackElo "1987"]
[PlyCount "21"]
[EventDate "2016.09.09"]
[EventType "team-tourn"]
[EventRounds "9"]
[EventCountry "MNE"]
[SourceTitle "EXT 2017"]
[Source "ChessBase"]
[SourceDate "2016.10.25"]
[SourceVersion "1"]
[SourceVersionDate "2016.10.25"]
[SourceQuality "1"]

1. e4 e5 2. Nf3 Nc6 3. d4 exd4 4. Nxd4 d6 5. Bc4 g6 6. Nc3 Bg7 7. Be3 Nf6 8. f3 a6 9. Qd2 0-0 10. a4 Bd7 11. 0-0 1/2-1/2

[Event "MNT-chT 1st League"]
[Site "Podgorica"]
[Date "2014.09.14"]
[Round "6.3"]
[White "Pejovic, Milivoje"]
[Black "Ivanovic, Milan"]
[Result "1-0"]
[WhiteElo "1955"]
[BlackElo "1994"]
[PlyCount "71"]
[EventDate "2014.08.29"]
[EventType "team-tourn"]
[EventRounds "9"]
[EventCountry "MNE"]
[SourceTitle "EXT 2018"]
[Source "ChessBase"]
[SourceDate "2017.10.13"]
[SourceVersion "1"]
[SourceVersionDate "2017.10.13"]
[SourceQuality "1"]
[WhiteTeam "7 Oktobar"]
[BlackTeam "Zora"]
[WhiteTeamCountry "MNE"]
[BlackTeamCountry "MNE"]

1. d4 Nf6 2. Nc3 g6 3. e4 d6 4. f4 Bg7 5. Nf3 0-0 6. Bd3 Nbd7 7. e5 Ne8 8. Qe2 c5 9. d5 dxe5 10. fxe5 Nb6 11. Be3 Nxd5 12. Nxd5 Qxd5 13. Bc4 Qc6 14. 0-0-0 Nc7 15. Bg5 b5 16. Bd3 Qe6 17. Kb1 Bb7 18. Rde1 Rab8 19. h4 Bd5 20. h5 Bxa2+ 21. Kc1 c4 22. Be4 c3 23. hxg6 cxb2+ 24. Kxb2 fxg6 25. Bh6 Bc4 26. Qe3 Bxe5+ 27. Nxe5 Qxe5+ 28. Kb1 Rf6 29. Qxa7 Rbb6 30. Bb7 Be2 31. Qb8+ Kf7 32. Bc1 h5 33. Bb2 Qc5 34. Rxe2 Nd5 35. Bxd5+ Qxd5 36. Qc7 1-0

[Event "MNT-chT1"]
[Site "Cetinje"]
[Date "2013.09.01"]
[Round "3"]
[White "Scekic, Veljko"]
[Black "Ivanovic, Milan"]
[Result "1-0"]
[WhiteElo "2159"]
[BlackElo "2007"]
[PlyCount "63"]
[EventDate "2013.08.30"]
[EventType "team-tourn"]
[EventRounds "9"]
[EventCountry "MNE"]
[SourceTitle "CBM 156 Extra"]
[Source "ChessBase"]
[SourceDate "2013.10.22"]
[SourceVersion "1"]
[SourceVersionDate "2013.10.22"]
[SourceQuality "1"]

1. d4 d5 2. Nf3 Nf6 3. c4 e6 4. Nc3 c6 5. cxd5 cxd5 6. Bg5 Be7 7. e3 Nc6 8. Bd3 Bd7 9. 0-0 0-0 10. Rc1 h6 11. Bh4 Rc8 12. Bb1 g6 13. h3 Nh5 14. Bxe7 Qxe7 15. Qd2 Nf6 16. Ne5 Kg7 17. f4 Be8 18. a3 Nd7 19. e4 dxe4 20. Bxe4 f5 21. Bxc6 bxc6 22. Nxd7 Bxd7 23. Na4 g5 24. Nc5 g4 25. hxg4 fxg4 26. Qe3 Rf5 27. Rce1 Re8 28. Qg3 h5 29. Re5 Qd6 30. Qe3 Kf7 31. Re1 Bc8 32. Rxf5+ 1-0

[Event "Montenegro Team Cup"]
[Site "Montenegro"]
[Date "2013.04.14"]
[Round "2.8"]
[White "Borozan, Nikola"]
[Black "Ivanovic, Milan"]
[Result "1-0"]
[WhiteElo "2076"]
[BlackElo "2013"]
[PlyCount "89"]
[EventDate "2013.04.06"]
[EventType "swiss"]
[EventRounds "5"]
[EventCountry "MNE"]
[SourceTitle "CBM 154 Extra"]
[Source "ChessBase"]
[SourceDate "2013.06.25"]
[SourceVersion "2"]
[SourceVersionDate "2013.06.25"]
[SourceQuality "1"]

1. e4 c5 2. Nf3 d6 3. d4 cxd4 4. Nxd4 Nc6 5. Nc3 a6 6. Bc4 e5 7. Nf3 Nf6 8. Ng5 Be6 9. Nxe6 fxe6 10. Bxe6 Nd4 11. Bd5 Nxd5 12. Nxd5 Be7 13. Be3 Ne6 14. Qg4 Kf7 15. 0-0 h5 16. Qf5+ Bf6 17. Bb6 Qc8 18. c3 Nf4 19. Qxc8 Raxc8 20. Nxf4 exf4 21. Rad1 Be5 22. Rd5 Rc4 23. f3 g5 24. Rfd1 g4 25. Bd4 gxf3 26. gxf3 Bxd4+ 27. R1xd4 Rxd4 28. Rxd4 Ke6 29. Rd5 h4 30. Rf5 Rg8+ 31. Kf1 h3 32. Rxf4 Rg2 33. Rh4 Rxh2 34. b4 Rxa2 35. Rxh3 Ke5 36. Ke1 Kf4 37. Kd1 Rf2 38. Rh7 Rxf3 39. Kc2 b5 40. Ra7 Kxe4 41. Rxa6 Rf2+ 42. Kb3 d5 43. Ra5 d4 44. Rxb5 dxc3 45. Kxc3 1-0

[Event "MNT-chTA"]
[Site "Cetinje"]
[Date "2012.10.07"]
[Round "9"]
[White "Ivanovic, Milan"]
[Black "Scepanovic, Dalibor"]
[Result "1/2-1/2"]
[WhiteElo "2008"]
[BlackElo "2124"]
[PlyCount "57"]
[EventDate "2012.09.07"]
[EventType "team-tourn"]
[EventRounds "9"]
[EventCountry "MNE"]
[SourceTitle "CBM 150 Extra"]
[Source "ChessBase"]
[SourceDate "2012.10.19"]
[SourceVersion "1"]
[SourceVersionDate "2012.10.19"]
[SourceQuality "1"]

1. d4 c5 2. Nf3 g6 3. e4 cxd4 4. Nxd4 Bg7 5. Nc3 Nc6 6. Be3 Qa5 7. Qd2 Nxd4 8. Bxd4 Bh6 9. f4 Nf6 10. Bxf6 exf6 11. Nd5 Qxd2+ 12. Kxd2 0-0 13. g4 Kh8 14. h4 d6 15. g5 Bg7 16. gxf6 Bh6 17. Bh3 Be6 18. Bxe6 fxe6 19. Nc7 Bxf4+ 20. Kd3 Rac8 21. Nxe6 Rxf6 22. Nxf4 Rxf4 23. Raf1 Rxf1 24. Rxf1 Kg7 25. c4 Rc5 26. b4 Rh5 27. Rf4 a5 28. b5 b6 29. a4 1/2-1/2

[Event "MNT-chTA"]
[Site "Cetinje"]
[Date "2012.09.22"]
[Round "5"]
[White "Ivanovic, Milan"]
[Black "Djokovic, Mirsad"]
[Result "0-1"]
[WhiteElo "2008"]
[BlackElo "2077"]
[PlyCount "88"]
[EventDate "2012.09.07"]
[EventType "team-tourn"]
[EventRounds "9"]
[EventCountry "MNE"]
[SourceTitle "CBM 150 Extra"]
[Source "ChessBase"]
[SourceDate "2012.10.19"]
[SourceVersion "1"]
[SourceVersionDate "2012.10.19"]
[SourceQuality "1"]

1. d4 Nf6 2. c4 c5 3. d5 b5 4. e3 e6 5. b3 bxc4 6. bxc4 Nxd5 7. cxd5 Qf6 8. Nc3 Qxc3+ 9. Bd2 Qe5 10. dxe6 Qxe6 11. Nf3 Be7 12. Bc3 0-0 13. Bd3 d5 14. 0-0 Nd7 15. Rc1 Nb6 16. Bb1 Qh6 17. h3 Be6 18. Ne5 Rac8 19. a4 f6 20. Nd3 Rfd8 21. Nf4 Bf7 22. Ba5 d4 23. Qg4 Qg5 24. Bf5 Qxg4 25. Bxg4 Rc6 26. Rfd1 g5 27. Nd3 dxe3 28. fxe3 c4 29. Nb4 Rxd1+ 30. Rxd1 Rc5 31. Bxb6 axb6 32. Rd7 Bf8 33. Nc2 Ra5 34. Rb7 f5 35. Bf3 Bc5 36. Nd4 c3 37. Rb8+ Kg7 38. Nxf5+ Kf6 39. Nd4 Rxa4 40. Rc8 Ra2 41. Be4 h5 42. Rc7 Rd2 43. Rc6+ Ke5 44. Bh7 Bd5 0-1

[Event "MNT-chTA"]
[Site "Cetinje"]
[Date "2012.09.09"]
[Round "3"]
[White "Ivanovic, Milan"]
[Black "Potpara, Nikola"]
[Result "1/2-1/2"]
[WhiteElo "2008"]
[BlackElo "2251"]
[PlyCount "27"]
[EventDate "2012.09.07"]
[EventType "team-tourn"]
[EventRounds "9"]
[EventCountry "MNE"]
[SourceTitle "CBM 150 Extra"]
[Source "ChessBase"]
[SourceDate "2012.10.19"]
[SourceVersion "1"]
[SourceVersionDate "2012.10.19"]
[SourceQuality "1"]

1. d4 Nf6 2. c4 e6 3. Nc3 Bb4 4. a3 Bxc3+ 5. bxc3 c5 6. e3 d6 7. Bd3 Nc6 8. Ne2 e5 9. d5 Ne7 10. Qc2 Ng6 11. Ng3 0-0 12. e4 Qe7 13. 0-0 Nf4 14. Ne2 1/2-1/2

[Event "IBCA-ol blind 13th"]
[Site "Heraklion"]
[Date "2008.10.26"]
[Round "7.1"]
[White "Ivanovic, Milan"]
[Black "Van Loy, Rick"]
[Result "1/2-1/2"]
[WhiteElo "1400"]
[BlackElo "1997"]
[PlyCount "45"]
[EventDate "2008.10.19"]
[EventType "team-swiss"]
[EventRounds "9"]
[EventCountry "GRE"]
[SourceTitle "EXT 2010"]
[Source "ChessBase"]
[SourceDate "2010.11.25"]
[SourceVersion "1"]
[SourceVersionDate "2010.11.25"]
[SourceQuality "1"]
[WhiteTeam "Montenegro (blind)"]
[BlackTeam "Netherlands (blind)"]
[WhiteTeamCountry "MNE"]
[BlackTeamCountry "NED"]

1. e4 e5 2. Nf3 Nc6 3. Nc3 Nf6 4. d4 exd4 5. Nxd4 Bb4 6. Nxc6 bxc6 7. Bd3 d5 8. Bd2 0-0 9. 0-0 Re8 10. exd5 cxd5 11. Nb5 Bg4 12. f3 Bc5+ 13. Kh1 Bh5 14. Bf4 Re7 15. Re1 c6 16. Nc3 Qd7 17. Qd2 Rae8 18. Rxe7 Qxe7 19. Ne2 Bg6 20. Bxg6 hxg6 21. Nd4 Nh5 22. Bg5 Qd7 23. c3 1/2-1/2

[Event "IBCA-ol blind 13th"]
[Site "Heraklion"]
[Date "2008.10.22"]
[Round "4.1"]
[White "Eros, Pal"]
[Black "Ivanovic, Milan"]
[Result "1/2-1/2"]
[WhiteElo "2071"]
[BlackElo "1400"]
[PlyCount "29"]
[EventDate "2008.10.19"]
[EventType "team-swiss"]
[EventRounds "9"]
[EventCountry "GRE"]
[SourceTitle "EXT 2010"]
[Source "ChessBase"]
[SourceDate "2010.11.25"]
[SourceVersion "1"]
[SourceVersionDate "2010.11.25"]
[SourceQuality "1"]
[WhiteTeam "Hungary (blind)"]
[BlackTeam "Montenegro (blind)"]
[WhiteTeamCountry "HUN"]
[BlackTeamCountry "MNE"]

1. e4 c5 2. Nf3 d6 3. d4 cxd4 4. Nxd4 a6 5. a3 Nf6 6. Nc3 e6 7. Be2 Be7 8. 0-0 Nc6 9. Be3 0-0 10. Nb3 Bd7 11. a4 Ne5 12. f4 Ng6 13. Bd3 Qc8 14. Qe2 Bc6 15. Nd4 1/2-1/2

[Event "IBCA-ol blind 13th"]
[Site "Heraklion"]
[Date "2008.10.20"]
[Round "2.1"]
[White "Johansen, Kai Roger"]
[Black "Ivanovic, Milan"]
[Result "0-1"]
[WhiteElo "2069"]
[BlackElo "1400"]
[PlyCount "102"]
[EventDate "2008.10.19"]
[EventType "team-swiss"]
[EventRounds "9"]
[EventCountry "GRE"]
[SourceTitle "EXT 2010"]
[Source "ChessBase"]
[SourceDate "2010.11.25"]
[SourceVersion "1"]
[SourceVersionDate "2010.11.25"]
[SourceQuality "1"]
[WhiteTeam "Norway (blind)"]
[BlackTeam "Montenegro (blind)"]
[WhiteTeamCountry "NOR"]
[BlackTeamCountry "MNE"]

1. c4 Nf6 2. d4 d6 3. Nc3 g6 4. e4 Bg7 5. Nf3 0-0 6. Be2 Nbd7 7. 0-0 c5 8. h3 a6 9. Be3 e5 10. dxe5 dxe5 11. Qd6 Re8 12. Rfd1 Bf8 13. Qd2 Qc7 14. Bg5 b6 15. Nd5 Qc6 16. Qd3 Kg7 17. Qe3 Ng8 18. Qc3 f6 19. Be3 Bb7 20. Rd2 Ne7 21. Rad1 Rad8 22. Nh2 Nxd5 23. exd5 Qd6 24. Nf1 Kg8 25. g4 f5 26. gxf5 gxf5 27. Bg5 Qg6 28. Qg3 Be7 29. Bxe7 Rxe7 30. Kh2 Rg7 31. Qxg6 hxg6 32. Ng3 Kf7 33. Kg2 Rh8 34. Rh1 Rgh7 35. f3 Rh4 36. Bd3 Kf6 37. b3 Nf8 38. Bf1 Nh7 39. Ne2 Ng5 40. Ng1 Bc8 41. Kf2 e4 42. Bg2 Re8 43. fxe4 fxe4 44. Kg3 Reh8 45. Rf2+ Ke5 46. Rh2 Bf5 47. Rf1 e3 48. Nf3+ Nxf3 49. Rxf3 Kd4 50. Rf4+ Rxf4 51. Kxf4 Bd3 0-1